| 000 | 04354cgm a2201009 i 4500 | ||
|---|---|---|---|
| 001 | ocn995854657 | ||
| 003 | OCoLC | ||
| 005 | 20221205144218.0 | ||
| 007 | vd cvaizq | ||
| 008 | 170731r20171980cau113 vleng d | ||
| 040 |
_aTEFMT _beng _erda _cTEFMT _dTEF _dOCLCF _dUAG _dOCLCO _dCLE _dOCLCO _dBYV _dOCLCO _dOMB _dGK8 _dOCLCA _dOCL _dIUK _dOCLCQ _dOCLCO _dINR _dWACOL |
||
| 024 | 1 | 0 | _a032429281906 |
| 028 | 4 | 2 |
_a59191156000 _bParamount Home Entertainment |
| 035 | _a(OCoLC)995854657 | ||
| 037 |
_bMidwest Tape _nhttp://www.midwesttapes.com |
||
| 041 | 1 |
_aeng _afre _jeng _heng |
|
| 046 | _k1980 | ||
| 050 | 4 |
_aPN1997 _b.P66 2017 |
|
| 082 | 0 | 4 |
_a791.43/72 _223 |
| 092 |
_advd _bpopeye |
||
| 049 | _aWACL | ||
| 245 | 0 | 0 |
_aPopeye / _cParamount Pictures Corporation and Walt Disney Productions present a Robert Evans production, a Robert Altman film ; screenplay by Jules Feiffer ; produced by Robert Evans ; directed by Robert Altman. |
| 257 |
_aUnited States _2naf |
||
| 264 | 1 |
_aLos Angeles, CA : _bParamount Home Entertainment, _c[2017] |
|
| 264 | 4 | _c�1980 | |
| 300 |
_a1 videodisc (113 min.) : _bsound, color ; _c4 3/4 in. |
||
| 336 | _atwo-dimensional moving image | ||
| 337 | _avideo | ||
| 338 | _avideodisc | ||
| 344 |
_adigital _2rdatr |
||
| 344 |
_boptical _2rdarm |
||
| 344 |
_gsurround _2rdacpc |
||
| 344 | _hDolby digital | ||
| 344 | _hstereo | ||
| 344 | _hmono | ||
| 344 | _hDolby digital 5.1 | ||
| 344 | _hDolby digital 2.0 | ||
| 346 |
_aDVD _bNTSC |
||
| 347 | _avideo file | ||
| 347 | _bDVD video | ||
| 347 | _eregion 1 | ||
| 380 | _aMotion picture. | ||
| 538 | _aDVD, wide screen; Dolby digital 5.1, Dolby digital 2.0, Dolby digital mono. | ||
| 546 | _aEnglish or French dialogue; English subtitles. | ||
| 511 | 1 | _aRobin Williams, Shelley Duvall, Ray Walston, Wesley Ivan Hurt, Paul Dooley, Paul L. Smith, Richard Libertini, Donald Moffat. | |
| 508 | _aDirector of photography, Giuseppe Rotunno ; music and lyrics, Harry Nilsson ; additional score, Tom Pierson. | ||
| 500 | _aBased on the Popeye characters created by E.C. Segar for King Features Syndicate. | ||
| 500 | _aOriginally released as a motion picture in 1980. | ||
| 521 | 8 | _aRating: PG. | |
| 520 | _aLive-action version of the popular cartoon with Olive Oyl, Wimpy, Bluto and others joining Popeye in his adventures in the harbor town of Sweethaven. | ||
| 521 |
_advd _bamazon |
||
| 600 | 0 | 0 |
_aPopeye _c(Fictitious character) _vDrama. _96458990 |
| 650 | 0 |
_aOyl, Olive (Fictitious character) _vDrama. _96458991 |
|
| 600 | 0 | 7 |
_aPopeye _c(Fictitious character) _2fast _0(OCoLC)fst01071299 _96458992 |
| 650 | 7 |
_aOyl, Olive (Fictitious character) _2fast _0(OCoLC)fst01748375 _96458993 |
|
| 655 | 7 |
_aRomantic comedy films. _2fast _0(OCoLC)fst01710433 |
|
| 655 | 7 |
_aFiction films. _2fast _0(OCoLC)fst01710264 |
|
| 655 | 7 |
_aComedy films. _2fast _0(OCoLC)fst01710291 |
|
| 655 | 7 |
_aDrama. _2fast _0(OCoLC)fst01423879 |
|
| 655 | 7 |
_aFeature films. _2fast _0(OCoLC)fst01710384 |
|
| 655 | 7 |
_aFeature films. _2lcgft |
|
| 655 | 7 |
_aComedy films. _2lcgft |
|
| 655 | 7 |
_aRomantic comedy films. _2lcgft |
|
| 655 | 7 |
_aFiction films. _2lcgft |
|
| 655 | 7 |
_aFilms comiques. _2rvmgf _96444564 |
|
| 655 | 7 |
_aCom�edies romantiques (Films) _2rvmgf _96445085 |
|
| 655 | 7 |
_aFilms de fiction. _2rvmgf _95762020 |
|
| 700 | 1 |
_aAltman, Robert, _d1925-2006, _efilm director. _913869 |
|
| 700 | 1 |
_aEvans, Robert, _d1930-2019. _96458994 |
|
| 700 | 1 |
_aFeiffer, Jules. _97696 |
|
| 700 | 1 |
_aWilliams, Robin, _d1951-2014, _eactor. _95732437 |
|
| 700 | 1 |
_aDuvall, Shelley, _d1949- _eactor. _930050 |
|
| 700 | 1 |
_aWalston, Ray, _d1917-2001, _eactor. _924474 |
|
| 700 | 1 |
_aDooley, Paul, _d1928- _962315 |
|
| 700 | 1 |
_aSmith, Paul, _d1936-2012. _96458995 |
|
| 700 | 1 |
_aLibertini, Richard. _95749817 |
|
| 700 | 1 |
_aMoffat, Donald, _d1930-2018. _95811194 |
|
| 700 | 1 |
_aRotunno, Giuseppe. _96195882 |
|
| 700 | 1 |
_aNilsson, Harry. _936944 |
|
| 700 | 1 |
_aPierson, Tom, _d1948- _96195883 |
|
| 700 | 1 |
_aSegar, E. C. _q(Elzie Crisler), _d1894-1938. _96195884 |
|
| 710 | 2 |
_aParamount Home Entertainment (Firm), _epublisher. _972161 |
|
| 710 | 2 | _aWalt Disney Productions. | |
| 730 | 0 | 2 |
_iContainer of (work) _aPopeye (Motion picture) _96195877 |
| 730 | 0 | 2 |
_iContainer of (expression) _aPopeye (Motion picture). _lFrench. _96458996 |
| 994 |
_aC0 _bWACOL |
||
| 999 |
_c379229 _d379229 |
||